Statistics for Divided Islands Quiz

Click here to take the quiz!

General Stats

  • This quiz has been taken 33 times
  • The average score is 6 of 10

Answer Stats

Countries The Island Is Divided BetweenIsland% Correct
Malaysia, Brunei, IndonesiaBorneo
100%
Cyprus, Turkey, United KingdomCyprus
100%
Haiti, Dominican RepublicHispaniola
97%
Indonesia, Papua New GuineaNew Guinea
97%
Indonesia, Timor-LesteTimor
90%
France, NetherlandsSaint Martin
83%
Argentina, ChileIsla Grande de Tierra del Fuego
41%
Germany, PolandUsedom
24%
Canada, DenmarkHans Island
3%
Canada, United StatesProvince Island
0%

Score Distribution

Percentile by Number Answered

Percent of People with Each Score

Your Score History

You have not taken this quiz